| 000 | 00969cam a22003017a 4500 | ||
|---|---|---|---|
| 999 |
_c3648 _d3648 |
||
| 001 | 14145207 | ||
| 003 | Nust | ||
| 005 | 20170105101221.0 | ||
| 008 | 910620s1988 it a b 000 0 eng d | ||
| 010 | _a 2005534396 | ||
| 035 | _a(OCoLC)ocm26278080 | ||
| 040 |
_aCGU _cCGU _dDLC |
||
| 042 | _alccopycat | ||
| 043 | _aa-pk--- | ||
| 050 | 0 | 0 |
_aQ127.P26 _bS239 1988 |
| 082 | 0 | 0 |
_a507/.105491 _222 |
| 100 | 1 |
_aSalam, Abdus, _d1926-1996. |
|
| 245 | 1 | 0 |
_aScience and education in Pakistan / _cAbdus Salam. |
| 260 |
_aTrieste, Italy : _bThird World Academy of Sciences, _c1989. |
||
| 300 |
_axii, 140 p. : _bill. (1 fold.) ; _c21 cm. |
||
| 504 | _aIncludes bibliographical references. | ||
| 650 | 0 |
_aScience _zPakistan. |
|
| 650 | 0 |
_aScience and state _zPakistan. |
|
| 650 | 0 |
_aEducation _zPakistan. |
|
| 906 |
_a7 _bcbc _ccopycat _d3 _encip _f19 _gy-gencatlg |
||
| 942 |
_2ddc _cBK |
||